Normal view
MARC view
Entry Uniform Title
001 - CONTROL NUMBER
- control field: 5295
003 - CONTROL NUMBER IDENTIFIER
- control field: ARRUPE
005 - DATE AND TIME OF LATEST TRANSACTION
- control field: 20131206115503.0
008 - FIXED-LENGTH DATA ELEMENTS
- fixed length control field: 131206|| aca||aabn | a|a d
040 ## - CATALOGING SOURCE
- Original cataloging agency: ARRUPE
- Transcribing agency: ARRUPE
130 ## - HEADING--UNIFORM TITLE
- Uniform title: Aesop's fables.
670 ## - SOURCE DATA FOUND
- Source citation: Work cat.: (ARRUPE)0: Blixen, Karen 5292, Longing for darkness;, [1975]